Death wasn't painful : (Record no. 88275)

MARC details
000 -LEADER
fixed length control field 01559nam a22002537a 4500
005 - DATE AND TIME OF LATEST TRANSACTION
control field 20140904113933.0
010 ## - LCCN (DPL NO)
LC control number ENG-110723
020 ## - INTERNATIONAL STANDARD BOOK NUMBER
International Standard Book Number 9788132117896
Terms of availability 445.00
035 ## - SYSTEM CONTROL NUMBER
System control number EN-94255
037 ## - SOURCE OF ACQUISITION
Source of stock number/acquisition DBAD/PUB
082 ## - DEWEY DECIMAL CLASSIFICATION NUMBER
Classification number 954.9205148092254
100 ## - MAIN ENTRY--PERSONAL NAME
Personal name Jafa, Dhirendra S.
245 ## - TITLE STATEMENT
Title Death wasn't painful :
Statement of responsibility, etc by Dhirendra S. Jafa
Remainder of title stories of Indian fighter pilots from the 1971 war /
260 ## - PUBLICATION, DISTRIBUTION, ETC. (IMPRINT)
Place of publication, distribution, etc New Delhi
Name of publisher, distributor, etc Sage Publications
Date of publication, distribution, etc 2014
270 ## - ADDRESS
Address B1/ I-1 Mohan Cooperative Industrial Area,Mathura Road
City New Delhi
Postal code 110044
300 ## - PHYSICAL DESCRIPTION
Extent xiv,246p.
Dimensions 22cm(pbk)
505 ## - FORMATTED CONTENTS NOTE
Formatted contents note Death wasn’t painful -- Compassion and cruelty -- Secrets and sleuths -- The hospital interlude -- Myths and misconceptions -- Compatriots and colleagues -- An yankee comes calling -- Some fun, some frolic -- Courage and cowardice -- Daring and devilry -- Kala Sandhu -- The times, they were bad -- Tigers in the cage: the escape story: I -- Freedom beckons: the escape story: II -- Preparations and doubts: the escape story: III -- The breakout: the escape story: IV -- The aftermath: the escape story: V -- Wages of sin -- Ayesha -- The great homecoming.
650 ## - SUBJECT ADDED ENTRY--TOPICAL TERM
Topical term or geographic name as entry element India-Pakistan Conflict, 1971
Form subdivision Personal narratives, East Indian.
650 ## - SUBJECT ADDED ENTRY--TOPICAL TERM
Topical term or geographic name as entry element India-Pakistan Conflict, 1971
General subdivision Aerial operations, East Indian.
650 ## - SUBJECT ADDED ENTRY--TOPICAL TERM
Topical term or geographic name as entry element India-Pakistan Conflict, 1971
General subdivision Prisoners and prisons, Pakistani.
650 ## - SUBJECT ADDED ENTRY--TOPICAL TERM
Topical term or geographic name as entry element Prisoners of war
Geographic subdivision India
-- Biography.
650 ## - SUBJECT ADDED ENTRY--TOPICAL TERM
Topical term or geographic name as entry element Prisoners of war
Geographic subdivision Pakistan
-- Biography
942 ## - ADDED ENTRY ELEMENTS (KOHA)
Source of classification or shelving scheme Dewey Decimal Classification
Item type English Books
Classification part 954.9205148092254
Call number suffix JAF
Holdings
Withdrawn status Lost status Not for loan Collection code Home library Current library Date acquired Source of acquisition Cost, normal purchase price Full call number Barcode Copy number Cost, replacement price Koha item type
    Not For Loan Non-fiction D.B.Act.Division D.B.Act.Division 03/09/2014 DBAD/PUB 445.00 954.9205148092254 JAF EN-94255 1 445.00 English Books

© Delhi Public Library
Hit Counter
free hit counter